Statistiques concernant Trenet - Douce France

Cliquez ici pour prendre le quiz!

Statistiques générales

  • Ce quiz a été pris 287 fois
  • Le résultat moyen est 79 sur 109

Statistiques - réponses

Paroles% Correct
d'
100%
de
100%
France
100%
Mon
99%
mon
99%
pays
99%
enfance
98%
Cher
97%
Douce
97%
ou
96%
96%
t'
94%
à
92%
ce
88%
j'
88%
te
87%
ai
85%
Je
85%
je
85%
cœur!
84%
l'
83%
Dans
82%
dans
82%
insouciance
81%
Et
77%
le
77%
ma
77%
tendre
76%
Bercée
74%
la
69%
aime
67%
les
67%
village
67%
au
66%
gardée
62%
Des
61%
poème
59%
Oui
58%
Il
57%
aux
55%
maisons
55%
sages
55%
clocher
52%
joie
52%
âge
51%
donne
51%
enfants
51%
douleur
49%
mémoire
49%
revient
47%
Sur
47%
école
46%
étais
46%
souvenirs
46%
chemin
43%
écolier
43%
autrefois.
41%
bonheur
41%
sans
41%
chantais
40%
Lorsque
40%
Ont
40%
pleine
40%
voix
40%
familiers
39%
blouse
38%
chansons
38%
noire
37%
partagé
37%
revois
37%
paroles
36%
romances
33%
Vieilles
33%

Distribution des résultats

Percentile par nombre de réponses

% des personnes avec chaque résultat

Votre développement - résultats

Vous n’avez pas pris ce quiz